000 00584nam a22002177a 4500
005 20170124110104.0
010 _aB-041007
020 _c30.00
_a8123700367
035 _aB-041007
037 _bCen Lib/Ret
040 _aDPL
_bEN
082 _a921
_bAUR
100 _aNavajata
_927676
245 _aSri Aurobindo /
_cby Navajata
260 _aNew Delhi
_bNational book trust
_c2000
270 _bNew Delhi
_aA-5,Green park
_e110016
300 _a82p.
_c20cm(pbk)
490 _aNational biography
650 _aBiography
_97490
942 _2ddc
_cEN
_h921
_mAUR
999 _c129882
_d129882